Регионална библиотека "Любен Каравелов" - Русе

Зоология (Запис номер 99527)

MARC детайли
000 -Лидер
Контролно поле с фиксирана дължина 01653nam a2200361 c 4500
003 - Код на организацията, давaща контролен номер
Контролно поле BLK
005 - Дата и час на последна редакция
Контролно поле 20180420225935.0
008 - Елементи от данни с фиксирана дължина
fixed length control field 180409b bul|||||r ||||||| ||bul||
010 ## - Наследен системен номер
LC control number KNG00104535000
020 ## - Международен стандартен номер на книга ISBN
Международен стандартен номер на книга ISBN 954-642-162-7
-- издат.: Pensoft
040 ## - Източник на каталожния запис
Идентификатор на билиотеката - собственик на записа BLK
041 ## - Код за език
Код за езика на текст/звукозапис или на отделно заглавие Български
Код за езика КДБФ Български
Други езици Латински
080 ## - УДК
Текстов определител УДК Обща зоология
УДК код - определител по УДК 591
УДК определител (075.8)
УДК - код + определител 591(075.8)
100 1# - Редна дума - Автор
Автор Генов, Тодор Петков
Авторска отговорност първи автор
R(LIN) 268340
139 ## - Редно поле
Редна дума Генов, Тодор Петков и др.
Авторски знак Генов - Г 31
245 10 - Сведения за заглавието
Заглавие Зоология
Подзаглавни данни Кратък курс : Учебник за студенти
Редно поле (дума) Тодор Петков Генов; съавт. Вълко Йорданов Бисерков; съавт. Бойко Божидаров Георгиев.
250 ## - Област на изданието
Сведения за изданието 2. изд.
257 ## - Страна на издаване
Страна на създаване/издаване България
260 ## - Област на издателските данни
-- София
Име на издателя, разпространителя и проч. Pensoft
Година на издаване 2002
300 ## - Физическа характеристика
Страници 329 с.
Илюстрации и др. с ил., сх., табл.
Размери/Мащаб 27 см
380 ## - Жанр
Жанр Естествени науки. Математика
500 ## - Общи забележки
Забележка 1. изд. 1999 на Акад. изд. Проф. М. Дринов, Пенсофт. - Офс. изд. - Съдържа и Геохронологична таблица. - Библиогр. с. 311-312 ; Азб. показалец на термините на бълг. и лат. ез.
650 #4 - Допълнително описание по предмет – тема
Основно описание – тема или топоним Зоология
9 (RLIN) 156107
653 ## - Ключова дума – ненормативна
Ключова дума зоология
653 ## - Ключова дума – ненормативна
Ключова дума учебници за ВУЗ
700 1# - Други автори (авторска отговорност)
Лично име Бисерков, Вълко Йорданов
Автороска отговорност (Описва отношението между автора и произведението) съавт.
9 (RLIN) 308101
700 1# - Други автори (авторска отговорност)
Лично име Георгиев, Бойко Божидаров
Автороска отговорност (Описва отношението между автора и произведението) съавт.
9 (RLIN) 308102
852 ## - Местоположение
Форматна сигнатура Цб ІІ 11794
856 4# - Електронен адрес и достъп
Електронен формат pdf - файл
Път до файла /url/
856 4# - Електронен адрес и достъп
Електронен формат pdf - файл
Път до файла /url/
942 ## - АРТИКУЛИ
Вид на библиотечния материал Книги
Скрит в OPAC Не
944 ## - СЪЗДАВАНЕ И РЕДАКЦИЯ на ЗАПИСА
Създаване/Редакция Създаване
Дата на регистрацията/редакция 01.01.2002
Служител, извършил регистрацията/редакцията Людмила_Стоянова
944 ## - СЪЗДАВАНЕ И РЕДАКЦИЯ на ЗАПИСА
Създаване/Редакция Редакция
Дата на регистрацията/редакция 30.08.2007
Служител, извършил регистрацията/редакцията
999 ## - СИСТЕМНИ КОНТРОЛНИ НОМЕРА
Koha biblionumber 99527
Koha biblioitemnumber 99527
Наличности
Код за отписване Код за изгубен артикул Код за повреда Коз за рестрикции Код за отдаване Артикулен № Име на библиотеката - собственик Име на библиотеката, в която се намира в момента Статус (Текущо местоположение) Дата на вписване в системата Местоположение - отдел Цена в лева Инвентарен номер Систематично азбучна сигнатура Баркод Номер на екземпляра Цена в евро Служебна бележка Служебен тип на артикула Източник на класификационната схема
  Не е изгубен Не е повреден без рестрикции ползва се в читалня 160322 Регионална библиотека "Любен Каравелов" Русе Регионална библиотека "Любен Каравелов" Русе Читалня 2002-12-05 Читалня 15.00 120000673638 Ч 59/Г 31 120000673638 1 7.67 Дост: Pk Вид: Ф N: 43 Дата: 04.12.2002 Дата инв: 17.03.2017 Бележки инв: Ч2017 Книги  
  Не е изгубен Не е повреден само за читалня ползва се в читалня 160323 Регионална библиотека "Любен Каравелов" Русе Регионална библиотека "Любен Каравелов" Русе Хранилище 2007-06-12 Основен фонд - ползва се само за читалня 15.00 120000714518 Цб ІІ 11794 120000714518 2 7.67 Дост: Pk Вид: Ф N: 5273 Дата: 08.06.2007 Книги Universal Decimal Classification
Vip Innovations Ltd, Rousse, Bulgaria 2025